Normal view MARC view
  • Mujahid, Kamran (319643)

Entry Personal Name

Number of records used in: 1

001 - CONTROL NUMBER

  • control field: 118223

003 - CONTROL NUMBER IDENTIFIER

  • control field: NUST

005 - DATE AND TIME OF LATEST TRANSACTION

  • control field: 20230926094920.0

008 - FIXED-LENGTH DATA ELEMENTS

  • fixed length control field: 230926|| aca||aabn | a|a d

040 ## - CATALOGING SOURCE

  • Original cataloging agency: NUST
  • Transcribing agency: NUST

100 ## - HEADING--PERSONAL NAME

  • Personal name: Mujahid, Kamran (319643)

670 ## - SOURCE DATA FOUND

  • Source citation: Work cat.: (NUST)603206: Mujahid, Kamran (319643), An Intelligent Multi-Layer, Multi-Agent, Multimicrogrid Framework with Aamelioration of Energy efficiency and future investment Outlook, under Deregulated Day-Ahead and Real-Time Market Regime /, 2023
© 2023 Central Library, National University of Sciences and Technology. All Rights Reserved.